LIBRARY & INFORMATION CENTRE, KCAET, TAVANUR

ONLINE PUBLIC ACCESS CATALOGUE (OPAC)

Soil mechanics and foundations / (Record no. 13424)

MARC details
000 -LEADER
fixed length control field 00396cam a2200157ua 4500
003 - CONTROL NUMBER IDENTIFIER
control field OSt
008 - FIXED-LENGTH DATA ELEMENTS--GENERAL INFORMATION
fixed length control field 250405b |||||||| |||| 00| 0 eng d
020 ## - INTERNATIONAL STANDARD BOOK NUMBER
ISBN 9788126517671
082 ## - DEWEY DECIMAL CLASSIFICATION NUMBER
Classification number 624.15136
Item number BUD/SO
100 ## - MAIN ENTRY--AUTHOR NAME
Personal name Budhu, Muni .
245 ## - TITLE STATEMENT
Title Soil mechanics and foundations /
250 ## - EDITION STATEMENT
Edition statement 2 /
260 ## - PUBLICATION, DISTRIBUTION, ETC. (IMPRINT)
Place of publication New Delhi :
Name of publisher Wiley India Pvt. Ltd. ,
Year of publication 2008.
300 ## - PHYSICAL DESCRIPTION
Number of Pages 634
942 ## - ADDED ENTRY ELEMENTS (KOHA)
Koha item type Books
Holdings
Withdrawn status Lost status Damaged status Home library Current library Date acquired Full call number Accession Number Koha item type Collection code Shelving location Source of acquisition Cost, normal purchase price
      KAUAET KAUAET 07/04/2012 624.15136 BUD/SO 22037 Books        
      KAUAET KAUAET 31/03/2012 624.15136 BUD/SO 22954 Books Non-fiction General Stacks Cosmo Books, Calicut 995.00
      KAUAET KAUAET 31/03/2014 624.15136 BUD/SO 24605 Books   General Stacks    
      KAUAET KAUAET 06/06/2016 624.15136 BUD/SO 24921 Books   General Stacks Southern Book Centre 995.00
free website counter